Эффект от внедрения природоохранных мероприятий в деятельность нефтегазового предприятия (на примере НК "Роснефть"); Проблемы геологии и освоения недр; Т. 2

Библиографические подробности
Источник:Проблемы геологии и освоения недр: труды XVIII Международного симпозиума имени академика М. А. Усова студентов и молодых ученых, Томск, 7-11 апреля 2014 г./ Национальный исследовательский Томский политехнический университет (ТПУ), Институт природных ресурсов (ИПР) ; Общество инженеров-нефтяников, международная некоммерческая организация, Студенческий чаптер ; под ред. А. Ю. Дмитриева.— , 2014
Т. 2.— [С. 712-715]
Главный автор: Тараненко А. А.
Автор-организация: Национальный исследовательский Томский политехнический университет (ТПУ) Институт природных ресурсов (ИПР) Кафедра экономики природных ресурсов (ЭПР)
Другие авторы: Вазим А. А. Андрей Александрович (научный руководитель)
Примечания:Заглавие с экрана
Язык:русский
Опубликовано:
Серии:Экономика минерального и углеводородного сырья. Горное право
Предметы:
Online-ссылка:http://earchive.tpu.ru/handle/11683/65804
http://www.lib.tpu.ru/fulltext/c/2014/C11/V2/341.pdf
Формат: Электронный ресурс Статья
Запись в KOHA:https://koha.lib.tpu.ru/cgi-bin/koha/opac-detail.pl?biblionumber=608787

MARC

LEADER 00000naa2a2200000 4500
001 608787
005 20231102023136.0
035 |a (RuTPU)RU\TPU\conf\6223 
035 |a RU\TPU\conf\6221 
090 |a 608787 
100 |a 20141013d2014 k y0rusy50 ca 
101 0 |a rus 
102 |a RU 
105 |a y z 100zy 
135 |a drcn ---uucaa 
181 0 |a i  
182 0 |a b 
200 1 |a Эффект от внедрения природоохранных мероприятий в деятельность нефтегазового предприятия (на примере НК "Роснефть")  |f А. А. Тараненко  |g науч. рук. А. А. Вазим 
203 |a Текст  |c электронный 
225 1 |a Экономика минерального и углеводородного сырья. Горное право 
230 |a 1 компьютерный файл (pdf; 739 Kb) 
300 |a Заглавие с экрана 
320 |a [Библиогр.: с. 715 (2 назв.)] 
337 |a Adobe Reader 
461 1 |0 (RuTPU)RU\TPU\conf\5590  |t Проблемы геологии и освоения недр  |o труды XVIII Международного симпозиума имени академика М. А. Усова студентов и молодых ученых, Томск, 7-11 апреля 2014 г.  |o в 2 т.  |f Национальный исследовательский Томский политехнический университет (ТПУ), Институт природных ресурсов (ИПР) ; Общество инженеров-нефтяников, международная некоммерческая организация, Студенческий чаптер ; под ред. А. Ю. Дмитриева  |d 2014 
463 1 |0 (RuTPU)RU\TPU\conf\5595  |t Т. 2  |v [С. 712-715] 
601 0 2 |a Роснефть  |c Нефтяная компания  |c Открытое акционерное общество  |c (Москва)  |c (1993- )  |2 stltpush  |3 (RuTPU)RU\TPU\col\11516  |9 25142 
610 1 |a труды учёных ТПУ 
610 1 |a электронный ресурс 
610 1 |a внедрение 
610 1 |a природоохранные мероприятия 
610 1 |a нефтегазовые предприятия 
610 1 |a окружающая среда 
610 1 |a нефтегазовый сектор 
700 1 |a Тараненко  |b А. А. 
702 1 |a Вазим  |b А. А.  |c российский экономист  |c доцент Томского политехнического университета, кандидат экономических наук  |f 1971-  |g Андрей Александрович  |2 stltpush  |4 727 
712 0 2 |a Национальный исследовательский Томский политехнический университет (ТПУ)  |b Институт природных ресурсов (ИПР)  |b Кафедра экономики природных ресурсов (ЭПР)  |h 3659  |2 stltpush  |3 (RuTPU)RU\TPU\col\18668 
801 2 |a RU  |b 63413507  |c 20210916  |g RCR 
856 4 |u http://earchive.tpu.ru/handle/11683/65804 
856 4 |u http://www.lib.tpu.ru/fulltext/c/2014/C11/V2/341.pdf 
942 |c BK